000 01397nam a2200361 c 4500
999 _c38107
_d38107
003 BLK
005 20220228115314.0
008 180408b bul|||||r ||||||| ||bul||
010 _aKNG00041300000
020 _a978-954-8633-04-8
040 _aBLK
041 _aBUL
_cBUL
072 7 _2bullib
_aН84
_xБългарска художествена литература Н
072 7 _2bullib
_aРА
_xРусенски автори
080 _aБългарска литература
_b821.163.2
_x-2
_z821.163.2-2
100 1 _aЯнева-Медникарова, Дора Стоянова
_eпърви автор
_9365173
139 _aЯнева-Медникарова, Дора Стоянова
_bЯ 54
245 1 0 _aСедмочисленици (Почти чудо)
_bИст. драма в 9 картини
_cДора Стоянова Янева-Медникарова.
245 1 0 _aЕстир (В нощта на пълната луна)
_bПиеси
257 _aBGR
260 _bGaiana Book Art Studio
_c2010
300 _a136 с.
_c20 см
380 _aX
500 _aЗа автора.
653 _aдрами
653 _aпиеси
659 _aН
852 _aЦб 251774
852 _aК 821.163.2/Я 54 Д
856 4 _qpdf
856 4 _qpdf
942 _cKNG
_n0
_s1
944 _aCR
_c27.05.2011
_lф /
_kВаля_Йорданова
944 _aED
_c23.03.2012
_lф /
999 _d38107